Charging the British economy (Record no. 373041)

000 -LEADER
fixed length control field 00352cam a22001217a 4500
008 - FIXED-LENGTH DATA ELEMENTS--GENERAL INFORMATION
fixed length control field 180718b1968 xxu||||| |||| 00| 0 eng d
082 ## - DEWEY DECIMAL CLASSIFICATION NUMBER
Classification number T19065x42 M344
100 ## - MAIN ENTRY--PERSONAL NAME
Personal name Marlow, Barbara
245 ## - TITLE STATEMENT
Title Charging the British economy
Statement of responsibility, etc. by Barbara Marlow
260 ## - PUBLICATION, DISTRIBUTION, ETC.
Place of publication, distribution, etc. London
Name of publisher, distributor, etc. Longmans
Date of publication, distribution, etc. 1968
300 ## - PHYSICAL DESCRIPTION
Extent 173p.
650 ## - SUBJECT ADDED ENTRY--TOPICAL TERM
Topical term or geographic name entry element U.K. - Economic Conditons - Statistics
Holdings
Withdrawn status Lost status Damaged status Not for loan Permanent Location Current Location Date acquired Full call number Barcode Date last seen Price effective from Koha item type
        Indian Institute of Public Administration Indian Institute of Public Administration 1994-06-18 T19065x42 M344 42599 2018-07-21 2018-07-21 Book

Powered by Koha